Responses for Show #6018 - Wednesday, November 10, 2010

2010-B College Championship quarterfinal game 3.

Contestants

[<< previous game]

Kyle Kahan, a senior from Texas A&M University from Houston, Texas

Ellen Eichner, a junior from the Ohio State University from Northbrook, Illinois

Folake Dosu, a senior from Stanford University from Bellwood, Illinois

[next game >>]

Jeopardy! Round responses

MYTHOLOGY
THAT'S ENTERTAINMENT
KITES
FAR OUT FACTS
LADY ANTEBELLUM
HOMOPHONES
    $200 1
Atlas

Ellen
    $200 2
Jada Pinkett

Ellen
    $200 28
bamboo

Kyle
    $200 14
Alaska

Folake
    $200 21
a bonnet

Ellen
    $200 11
adolescence/adolescents

Folake
    $400 7
a siren

Kyle
    $400 3
(Kyle: What is Wildcats?)

Hellcats

EllenKyle
    $400 29
Benjamin Franklin

Kyle
    $400 15
Antarctica

Ellen
    $400 22
Georgia

Kyle
    $400 12
(Folake: What is, uh, stash?)
(Alex: [*], yes.)
(Folake: Ca--oh. I'm sorry.)
(Judge: [From offstage] No!)
(Alex: No. Sorry. Sorry, you're wrong, and I gave the correct response when I said "[*]", so we penalize Folake, but nobody else can benefit. Folake, back to you.)
(Folake: Cool.)

cache/cash

Folake
Triple Stumper
    $600 8
invisible

Folake
    $600 4
Cee Lo Green

Folake
    $600 30
the Spanish-American War

Kyle
    $600 16
the Andes

Folake
    $600 23
the pig (pork accepted)

Ellen
    $600 13
gaff/gaffe

Triple Stumper
    $800 9
Echo

Folake
    $800 5
Russell Brand

Ellen
    $600 26
the English Channel

Kyle
    $800 17
international waters

Triple Stumper
    $800 24
(Ellen: What are monasteries?)

seminaries

EllenKyle
    $800 19
(Folake: What is a steer?)
...
(Alex: You'd have trouble steering a horse...)
(Folake: [Laughs] This is very true.)
(Alex: ...if you didn't have the reins.)

rowed/rode

Folake
Triple Stumper
    $1000 10
(Ellen: Who is Hercules?)

Bellerophon

EllenKyle
    $1000 6
SmackDown

Ellen
    $1000 27
a box kite

Triple Stumper
    $1000 18
an archipelago

Folake
    $1000 25
the quadrille

Triple Stumper
    $1000 20
links/lynx

Folake

Scores at the first commercial break (after clue 15):

Folake Ellen Kyle
$2,000 $2,000 $1,000

Scores at the end of the Jeopardy! Round:

Folake Ellen Kyle
$3,800 $2,000 $4,000

Double Jeopardy! Round responses

WORLD OF WAR FACT
21st CENTURY MOVIE ROLES
SPACING OUT
WHO WROTE IT?
THE FABRIC OF LIFE
COLLEGE BEFORE & AFTER
    $400 19
Iraq

Ellen
    $400 10
Zac Efron

Ellen
    $400 27
the International Space Station

Ellen
    $400 1
Virgil

Kyle
    $400 26
leather

Ellen
    $400 11
William & Mary Poppins

Kyle
    $800 20
the Red Baron

Kyle
    $800 9
Nanny McPhee

Kyle
    $800 28
Sputnik

Kyle
    $800 2
Faulkner

Kyle
    $800 25
felt

Ellen
    $800 12
Brigham Young Frankenstein

Ellen
    $1200 21
the Cold War

Kyle
    $1200 6
Sweeney Todd

Folake
    $1,200 24
(Ellen: What is external velocity?)

escape velocity

Ellen
    $1200 3
Carson McCullers

Triple Stumper
    $1200 16
(Ellen: What is knit?)
(Folake: What is gauze?)
[Originally ruled incorrect; reversed before Daily Double at clue 22 because "As many of our voters noticed recently, there is such a thing as cobweb gauze. Uh, at Halloween, we saw a lot of it".]

lace

FolakeEllen
    $1200 13
Penn State Farm

Triple Stumper
    $3,000 22
(Kyle: What is the American Revolution?)

the War of 1812

Kyle
    $1600 7
Around the World in 80 Days

Kyle
    $1600 29
a galaxy

Kyle
    $1600 4
Nathanael West

Ellen
    $1600 17
Lycra

Ellen
    $1600 14
(Kyle: Who is Oral Robert Peel?)

Oral Robert's Rules of Order

Kyle
Triple Stumper
    $2000 23
Blitzkrieg

Ellen
    $2000 8
Toulouse-Lautrec

Ellen
    $2000 30
the Perseids

Triple Stumper
    $2000 5
Henry James

Triple Stumper
    $2000 18
(Harris) tweed

Kyle
    $2000 15
Holy Cross country

Triple Stumper

Scores at the end of the Double Jeopardy! Round:

Folake Ellen Kyle
$6,200 $10,000 $9,800

Final Jeopardy! Round responses

U.S. PRESIDENTS
(Alex: [To Folake] Yes, when he was Governor of the State of Georgia--Atlanta Braves.)
FolakeWho is Jimmy Carter?
$2,500
KyleWho was Carter?
$6,000
EllenWho is Jimmy Carter?
$9,601
Jimmy Carter

Final scores:

Folake Ellen Kyle
$8,700 $19,601 $15,800
3rd place: $5,000 if eliminated Automatic semifinalist 2nd place: $5,000 if eliminated

Game dynamics:

Coryat scores:

Folake Ellen Kyle
$6,200 $11,200 $13,000
10 R,
2 W
18 R,
4 W
(including 1 DD)
18 R
(including 1 DD),
3 W
(including 1 DD)

Combined Coryat: $30,400

[game clues] [game scores] [suggest correction]

Game tape date: 2010-10-18
The J! Archive is created by fans, for fans. Scraping, republication, monetization, and malicious use prohibited; this site may use cookies and collect identifying information. See terms. The Jeopardy! game show and all elements thereof, including but not limited to copyright and trademark thereto, are the property of Jeopardy Productions, Inc. and are protected under law. This website is not affiliated with, sponsored by, or operated by Jeopardy Productions, Inc. Join the discussion at JBoard.tv.